The golden age of the poster

Gardado en:
Detalles Bibliográficos
Main Authors: Cirker, Hayward (Author), Cirker, Blanche (Author)
Formato: Libro
Idioma:inglés
Publicado: Nueva York Dover Publications 1971
Subjects:
Tags: Engadir etiqueta
Sen Etiquetas, Sexa o primeiro en etiquetar este rexistro!

MARC

LEADER 00000nam a2200000 a 4500
001 UCV8606
003 CL-VaPUC
008 911022e19710000US |||||||||||||||||eng|d
082 0 4 |a 741.67  |b CIR  |2 21 
100 0 |a Cirker, Hayward  |e author  |9 302640 
700 0 |a Cirker, Blanche  |e author  |9 302641 
245 1 4 |a The golden age of the poster 
300 |a 70 p 
942 |c BK 
945 |d 19911022 00:00:00 
260 |a Nueva York  |b Dover Publications  |c 1971 
650 0 |a Afiches   |x Historia   |9 266927 
583 |a last modification  |c 19911022 00:00:00  |k Rodrigo Vera 
999 |c 214096  |d 214094 
952 |0 0  |1 0  |4 0  |6 741_670000000000000_CIR_1971  |7 0  |8 A  |9 197154  |a BIBARQ  |b BIBARQ  |d 2019-11-14  |i 2648652  |o 741.67 CIR 1971  |p 2648652  |r 2025-01-20  |w 2019-11-14  |y BK  |k ARQ 
952 |0 0  |1 0  |4 0  |6 741_670000000000000_CIR_1971  |7 0  |8 R  |9 197155  |a BIBART  |b BIBART  |d 2019-11-14  |i 1205595  |l 1  |o 741.67 CIR 1971  |p 1205595  |r 2025-03-13  |s 2022-06-15  |w 2019-11-14  |y BK_R  |k ART